<?xml version="1.0" encoding="UTF-8"?>
<collection xmlns="http://www.loc.gov/MARC21/slim">
    <record>
        <controlfield tag="001">71087</controlfield>
        <controlfield tag="005">20200922122723.0</controlfield>
        <datafield tag="024" ind1="8" ind2=" ">
            <subfield code="2">sideral</subfield>
            <subfield code="a">106697</subfield>
        </datafield>
        <datafield tag="037" ind1=" " ind2=" ">
            <subfield code="a">ART-2017-106697</subfield>
        </datafield>
        <datafield tag="041" ind1=" " ind2=" ">
            <subfield code="a">spa</subfield>
        </datafield>
        <datafield tag="100" ind1=" " ind2=" ">
            <subfield code="a">Tarriño, Antonio</subfield>
        </datafield>
        <datafield tag="245" ind1=" " ind2=" ">
            <subfield code="a">Centros de explotación de sílex en la zona centro del valle del Ebro. La Muela (Zaragoza)</subfield>
        </datafield>
        <datafield tag="260" ind1=" " ind2=" ">
            <subfield code="c">2017</subfield>
        </datafield>
        <datafield tag="506" ind1="0" ind2=" ">
            <subfield code="a">Access copy available to the general public</subfield>
            <subfield code="f">Unrestricted</subfield>
        </datafield>
        <datafield tag="520" ind1="3" ind2=" ">
            <subfield code="a">Las prospecciones arqueológicas llevadas a cabo en el término municipal de La Muela (Zaragoza), entre 2008 y 2009, han permitido documentar una compleja e interesante red de explotación minera de sílex. De esta actividad se conservan grandes escombreras y minas a cielo abierto adoptando diversas morfologías. En relación con las zonas de extracción se ha podido documentar un trabajo de desbastado previo dando como resultado abundantes restos de talla y nu´cleos con una técnica de extracción que, por su semejanza con la propia del Paleolítico Medio, hemos denominado pseudo-levallois. El presente estudio subraya la importancia de la industria de explotación del sílex en la zona para la elaboración de piedras de fusil desde el siglo XVIII y con especial relevancia a principios del siglo XIX, con motivo de la Guerra de Independencia.


Archaeological surveys carried out in the municipality of La Muela (Zaragoza), between 2008 and 2009, have allowed us to document a complex and interesting flint mining activity. That occupation produced large stone dumps and open-air mines with different morphologies. Attending to extraction zones, there were documented wide areas with a large number of knapping remains and cores with an extraction technique quite similar to that from the Middle Paleolithic: because of their appearance, we have called them pseudo-levallois. This paper highlights the importance of a flint mining industry in the area for knapping gunflints from the 18th century and especially in the early 19th century, because of the War of Spanish Independence.</subfield>
        </datafield>
        <datafield tag="536" ind1=" " ind2=" ">
            <subfield code="9">info:eu-repo/grantAgreement/ES/DGA/H07</subfield>
            <subfield code="9">info:eu-repo/grantAgreement/ES/MINECO/HAR2014-59042-P</subfield>
        </datafield>
        <datafield tag="540" ind1=" " ind2=" ">
            <subfield code="9">info:eu-repo/semantics/openAccess</subfield>
            <subfield code="a">by-nc</subfield>
            <subfield code="u">http://creativecommons.org/licenses/by-nc/3.0/es/</subfield>
        </datafield>
        <datafield tag="655" ind1=" " ind2="4">
            <subfield code="a">info:eu-repo/semantics/article</subfield>
            <subfield code="v">info:eu-repo/semantics/publishedVersion</subfield>
        </datafield>
        <datafield tag="700" ind1=" " ind2=" ">
            <subfield code="0">(orcid)0000-0002-2841-3347</subfield>
            <subfield code="a">Bea, Manuel</subfield>
            <subfield code="u">Universidad de Zaragoza</subfield>
        </datafield>
        <datafield tag="700" ind1=" " ind2=" ">
            <subfield code="0">(orcid)0000-0001-9839-9758</subfield>
            <subfield code="a">García Simón, Luis Miguel</subfield>
            <subfield code="u">Universidad de Zaragoza</subfield>
        </datafield>
        <datafield tag="700" ind1=" " ind2=" ">
            <subfield code="a">Pérez-Lambán, Fernando</subfield>
        </datafield>
        <datafield tag="700" ind1=" " ind2=" ">
            <subfield code="0">(orcid)0000-0003-3894-7112</subfield>
            <subfield code="a">Domingo, Rafael</subfield>
            <subfield code="u">Universidad de Zaragoza</subfield>
        </datafield>
        <datafield tag="710" ind1="2" ind2=" ">
            <subfield code="1">3000</subfield>
            <subfield code="2">695</subfield>
            <subfield code="a">Universidad de Zaragoza</subfield>
            <subfield code="b">Dpto. Ciencias de la Antigüed.</subfield>
            <subfield code="c">Área Prehistoria</subfield>
        </datafield>
        <datafield tag="773" ind1=" " ind2=" ">
            <subfield code="g">26 (2017), 229-243</subfield>
            <subfield code="p">Cuad. prehis. arqueol. univ. Granada</subfield>
            <subfield code="t">Cuadernos de prehistoria y arqueología de la Universidad de Granada</subfield>
            <subfield code="x">2174-8063</subfield>
        </datafield>
        <datafield tag="856" ind1="4" ind2="1">
            <subfield code="u">http://revistaseug.ugr.es/index.php/cpag/article/download/7401/6392</subfield>
            <subfield code="z">Texto completo de la revista</subfield>
        </datafield>
        <datafield tag="856" ind1="4" ind2=" ">
            <subfield code="s">712498</subfield>
            <subfield code="u">http://zaguan.unizar.es/record/71087/files/texto_completo.pdf</subfield>
            <subfield code="y">Versión publicada</subfield>
        </datafield>
        <datafield tag="856" ind1="4" ind2=" ">
            <subfield code="s">58283</subfield>
            <subfield code="u">http://zaguan.unizar.es/record/71087/files/texto_completo.jpg?subformat=icon</subfield>
            <subfield code="x">icon</subfield>
            <subfield code="y">Versión publicada</subfield>
        </datafield>
        <datafield tag="909" ind1="C" ind2="O">
            <subfield code="o">oai:zaguan.unizar.es:71087</subfield>
            <subfield code="p">articulos</subfield>
            <subfield code="p">driver</subfield>
        </datafield>
        <datafield tag="951" ind1=" " ind2=" ">
            <subfield code="a">2020-09-22-12:19:11</subfield>
        </datafield>
        <datafield tag="980" ind1=" " ind2=" ">
            <subfield code="a">ARTICLE</subfield>
        </datafield>
    </record>

    
</collection>